Az influencer marketing jövője

Bibliographic Details
Main Author: Nyéki Judit
Other Authors: Zelena Dr. András
Format: Thesis
Kulcsszavak:Influencer marketing
Közösségi média
Új média
Online Access:http://dolgozattar.uni-bge.hu/20574

MARC

LEADER 00000nta a2200000 i 4500
001 dolg20574
005 20200508131534.0
008 190506suuuu hu om 000 hun d
040 |a BGE Dolgozattár Repozitórium  |b hun 
041 |a hu 
100 1 |a Nyéki Judit 
245 1 3 |a Az influencer marketing jövője  |c Nyéki Judit  |h [elektronikus dokumentum] 
695 |a Influencer marketing 
695 |a Közösségi média 
695 |a Új média 
700 1 |a Zelena Dr. András  |e ths 
856 4 0 |u http://dolgozattar.uni-bge.hu/20574/1/szakdolgozat_NyJudit_KommBA_v%C3%A9gleges.pdf  |z Dokumentum-elérés